00501nam a2200193 a 4500001001300000003000900013005001700022008004100039020001000080082001500090100001600105245003600121260003800157300000800195500003500203505002600238650002700264700001600291nice12345678IN_TiNIC20260116011800.0050524s1960 lona grp 000 0 eng  ac10000a226.4bFUL aFuller, R H aLuke`s Witness to Jesus Christ. aLondon bLutterworth Press c1960 a80p aincludes index and biblioraphy2 aworld christian books aBible N.T. Gospel Luke1 aFuller, R H